Bose-Einstein condensation and superfluidity /
Ultracold atomic gases is a rapidly developing field of physics that attracts many young researchers around the world. This book gives a comprehensive overview of exciting developments in Bose-Einstein condensation and superfluidity from a theoretical perspective and makes sense of key experiments w...
| Main Authors: | , |
|---|---|
| Format: | eBook |
| Language: | English |
| Published: |
Oxford :
Oxford University Press,
2016.
|
| Edition: | First edition. |
| Series: | Oxford science publications.
International series of monographs on physics (Oxford, England) ; 164. |
| Subjects: | |
| Online Access: | Connect to the full text of this electronic book |
MARC
| Tag | First Indicator | Second Indicator | Subfields |
|---|---|---|---|
| LEADER | 00000cam a2200000 i 4500 | ||
| 001 | in00005712708 | ||
| 005 | 20260319161723.0 | ||
| 006 | m o d | ||
| 007 | cr cnu|||unuuu | ||
| 008 | 160126s2016 enk ob 001 0 eng d | ||
| 040 | |a N$T |b eng |e rda |e pn |c N$T |d YDXCP |d N$T |d CDX |d OCLCF |d STF |d IDEBK |d CUS |d EBLCP |d KSU |d STBDS |d IDB |d W2U |d OCLCQ |d BUF |d CEF |d OTZ |d OCLCQ |d WYU |d YOU |d OCLCQ |d OCLCO |d SFB |d OCLCO |d OCLCQ |d OCLCO |d OCLCL |d OCLCQ |d CLOUD |d OCLCO |d UKKRT |d OCLCQ |d SXB |d OCLCL |d OCLCQ | ||
| 019 | |a 936200805 |a 1298415531 |a 1370502920 |a 1503858139 | ||
| 020 | |a 9780191076688 |q (electronic bk.) | ||
| 020 | |a 0191076686 |q (electronic bk.) | ||
| 020 | |a 9780191818721 | ||
| 020 | |a 0191818720 | ||
| 020 | |z 9780198758884 | ||
| 020 | |z 019875888X | ||
| 035 | |a (OCoLC)936040211 |z (OCoLC)936200805 |z (OCoLC)1298415531 |z (OCoLC)1370502920 |z (OCoLC)1503858139 | ||
| 037 | |a 890960 |b MIL | ||
| 050 | 4 | |a QC175.47.B65 | |
| 072 | 7 | |a SCI |x 024000 |2 bisacsh | |
| 072 | 7 | |a SCI |x 041000 |2 bisacsh | |
| 072 | 7 | |a SCI |x 055000 |2 bisacsh | |
| 082 | 0 | 4 | |a 530.4/2 |2 23 |
| 049 | |a TXAM | ||
| 100 | 1 | |a Pitaevskiĭ, L. P. |q (Lev Petrovich), |e author. |1 https://id.oclc.org/worldcat/entity/E39PBJfMpk4hJBqv78RJP9Vgrq | |
| 245 | 1 | 0 | |a Bose-Einstein condensation and superfluidity / |c Lev Pitaevskii, Sandro Stringari. |
| 250 | |a First edition. | ||
| 264 | 1 | |a Oxford : |b Oxford University Press, |c 2016. | |
| 300 | |a 1 online resource | ||
| 336 | |a text |b txt |2 rdacontent | ||
| 337 | |a computer |b c |2 rdamedia | ||
| 338 | |a online resource |b cr |2 rdacarrier | ||
| 490 | 1 | |a Oxford science publications | |
| 490 | 1 | |a International series of monographs on physics ; |v 164 | |
| 504 | |a Includes bibliographical references and index. | ||
| 588 | 0 | |a Online resource; title from PDF title page (EBSCO, viewed January 28, 2016). | |
| 520 | 8 | |a Ultracold atomic gases is a rapidly developing field of physics that attracts many young researchers around the world. This book gives a comprehensive overview of exciting developments in Bose-Einstein condensation and superfluidity from a theoretical perspective and makes sense of key experiments with a special focus on ultracold atomic gases. | |
| 505 | 0 | |a Cover; Preface; Contents; 1 Introduction; Part I ; 2 Long-range Order, Symmetry Breaking, and Order Parameter; 2.1 One-body density matrix and long-range order; 2.2 Order parameter; 3 The Ideal Bose Gas; 3.1 The ideal Bose gas in the grand canonical ensemble; 3.2 The ideal Bose gas in the box; 3.3 Fluctuations and two-body density; 4 Weakly Interacting Bose Gas; 4.1 Lowest-order approximation: ground state energy and equation of state; 4.2 Higher-order approximation: excitation spectrum and quantum fluctuations; 4.3 Particles and elementary excitations. | |
| 505 | 8 | |a 5 Nonuniform Bose Gases at Zero Temperature5.1 The Gross-Pitaevskii equation; 5.2 Thomas-Fermi limit; 5.3 Vortex line in the weakly interacting Bose gas; 5.4 Vortex rings; 5.5 Solitons; 5.6 Small-amplitude oscillations; 6 Superfluidity; 6.1 Landau's criterion of superfluidity; 6.2 Bose-Einstein condensation and superfluidity; 6.3 Hydrodynamic theory of superfluids: zero temperature; 6.4 Quantum hydrodynamics; 6.5 Beliaev decay of phonons; 6.6 Two-fluid hydrodynamics: first and second sound; 6.7 Fluctuations of the phase; 6.8 Rotation of superfluids; 7 Linear Response Function. | |
| 505 | 8 | |a 7.1 Dynamic structure factor and sum rules7.2 Density response function; 7.3 Current response function; 7.4 General inequalities; 7.5 Response function of the ideal Bose gas; 7.6 Response function of the weakly interacting Bose gas; 8 Superfluid 4He; 8.1 Elementary excitations and dynamic structure factor; 8.2 Thermodynamic properties; 8.3 Quantized vortices; 8.4 Momentum distribution and Bose-Einstein condensation; 9 Atomic Gases: Collisions and Trapping; 9.1 Metastability and the role of collisions; 9.2 Low-energy collisions and scattering length; 9.3 Low-energy collisions in two dimensions. | |
| 505 | 8 | |a 9.4 Zeeman effect and magnetic trapping9.5 Interaction with the radiation field and optical traps; Part II ; 10 The Ideal Bose Gas in the Harmonic Trap; 10.1 Condensate fraction and critical temperature; 10.2 Density of single-particle states and thermodynamics; 10.3 Density and momentum distribution; 10.4 Thermodynamic limit; 10.5 Release of the trap and expansion of the gas; 10.6 Bose-Einstein condensation in deformed traps; 10.7 Adiabatic formation of BEC with non-harmonic traps; 11 Ground State of a Trapped Condensate; 11.1 An instructive example: the box potential. | |
| 505 | 8 | |a 11.2 Interacting condensates in harmonic traps: density and momentum distribution11.3 Energy, chemical potential, and virial theorem; 11.4 Finite-size corrections to the Thomas-Fermi limit; 11.5 Beyond-mean-field corrections; 11.6 Attractive forces; 12 Dynamics of a Trapped Condensate; 12.1 Collective oscillations; 12.2 Repulsive forces and the Thomas-Fermi limit; 12.3 Sum rule approach: from repulsive to attractive forces; 12.4 Finite-size corrections to the Thomas-Fermi limit; 12.5 Beyond-mean-field corrections; 12.6 Large-amplitude oscillations; 12.7 Expansion of the condensate. | |
| 650 | 0 | |a Bose-Einstein condensation. | |
| 650 | 0 | |a Superfluidity. | |
| 650 | 6 | |a Condensation de Bose-Einstein. | |
| 650 | 6 | |a Superfluidité. | |
| 650 | 7 | |a SCIENCE |x Energy. |2 bisacsh | |
| 650 | 7 | |a SCIENCE |x Mechanics |x General. |2 bisacsh | |
| 650 | 7 | |a SCIENCE |x Physics |x General. |2 bisacsh | |
| 650 | 7 | |a Bose-Einstein condensation |2 fast | |
| 650 | 7 | |a Superfluidity |2 fast | |
| 650 | 7 | |a Condensació de Bose-Einstein. |2 thub | |
| 650 | 7 | |a Gas de Bose-Einstein. |2 thub | |
| 650 | 7 | |a Superfluïdesa. |2 thub | |
| 655 | 7 | |a Electronic books. |2 local | |
| 655 | 7 | |a Llibres electrònics. |2 thub | |
| 700 | 1 | |a Stringari, S., |e author. |1 https://id.oclc.org/worldcat/entity/E39PBJymGchXfHqJvMtPy7mTpP | |
| 776 | 0 | 8 | |i Print version : |z 9780198758884 |
| 776 | 0 | 8 | |c Original |z 9780198758884 |z 019875888X |w (DLC) 2015947456 |
| 830 | 0 | |a Oxford science publications. | |
| 830 | 0 | |a International series of monographs on physics (Oxford, England) ; |v 164. | |
| 856 | 4 | 0 | |u http://proxy.library.tamu.edu/login?url=https://academic.oup.com/book/26678 |z Connect to the full text of this electronic book |t 0 |
| 955 | |a Oxford Scholarship Online | ||
| 994 | |a 92 |b TXA | ||
| 999 | f | f | |i 5d4179dc-9cd2-42f2-8076-bfacd5d59660 |s 44459b7a-7c9c-43aa-bb1a-92fc5f2f7f29 |t 0 |
| 952 | f | f | |a Texas A&M University |b College Station |c Electronic Resources |s www_evans |d Available Online |t 0 |e QC175.47.B65 |h Library of Congress classification |
| 998 | f | f | |a QC175.47.B65 |t 0 |l Available Online |